Music Quiz

Random Music or Rock Quiz

List of Oasis Singles Quiz Stats

 Plays Quiz not verified by Sporcle

Score 0/29 Timer 08:00
0 Plays Today
Album Singles % Correct
(What's the Story) Morning Glory?Wonderwall
99%
(What's the Story) Morning Glory?Don't Look Back in Anger
92.9%
Definitely MaybeSupersonic
87.8%
Definitely MaybeLive Forever
87.8%
(What's the Story) Morning Glory?Champagne Supernova
84.7%
(What's the Story) Morning Glory?Some Might Say
82.7%
(What's the Story) Morning Glory?Morning Glory
81.6%
Definitely MaybeCigarettes & Alcohol
80.6%
Don't Believe The TruthLyla
79.6%
Definitely MaybeShakermaker
78.6%
(What's the Story) Morning Glory?Roll With It
77.6%
Be Here NowAll Around the World
76.5%
Don't Believe The TruthThe Importance of Being Idle
75.5%
Be Here NowStand by Me
74.5%
Heathen ChemistryLittle By LittleShe Is Love
72.4%
Album Singles % Correct
Standing on the Shoulder of GiantsGo Let It Out
71.4%
Definitely MaybeRock 'n' Roll Star
70.4%
Be Here NowD'You Know What I Mean?
70.4%
Heathen ChemistrySongbird
67.3%
Heathen ChemistryThe Hindu Times
66.3%
Heathen ChemistryStop Crying Your Heart Out
66.3%
Dig Out Your SoulThe Shock of the Lightning
66.3%
Standing on the Shoulder of GiantsSunday Morning Call
61.2%
Be Here NowDon't Go Away
60.2%
Standing on the Shoulder of GiantsWho Feels Love?
60.2%
Don't Believe The TruthLet There Be Love
60.2%
Dig Out Your SoulI'm Outta Time
59.2%
Dig Out Your SoulFalling Down
58.2%
Standing on the Shoulder of GiantsWhere Did It All Go Wrong?
40.8%

You're not logged in!

Compare scores with friends on all Sporcle quizzes.
OR
Log In

Show Comments

Extras

Top Quizzes Today


Score Distribution

Your Account Isn't Verified!

In order to create a playlist on Sporcle, you need to verify the email address you used during registration. Go to your Sporcle Settings to finish the process.

Report this User

Report this user for behavior that violates our Community Guidelines.

Details: